Songs by emojis - Statistics

General Stats
  • This quiz has been taken 241 times
  • The average score is 5 of 17
Answer Stats
Hint Answer % Correct
๐Ÿ‘๐Ÿ… Eye of the tiger
83%
๐ŸŽน๐Ÿ‘จ Piano Man
80%
๐ŸŸชโ˜” Purple rain
77%
๐Ÿ’๐Ÿ”ฅ Ring of Fire
57%
๐ŸŸซ๐Ÿ‘€๐Ÿ‘ง Brown eyed girl
56%
โญ๐Ÿคต Star Man
48%
๐Ÿ›ซโžก๐ŸŒ™ Fly me to the moon
46%
๐Ÿฆ๐Ÿฆ๐Ÿฆ Three Lions
29%
โค๐Ÿฅ‡ Heart of gold
11%
๐ŸŒ‰๐ŸŒŠ Bridge over troubled water
7%
๐Ÿ•บโšซ Dancing in the dark
7%
๐ŸŸฉ๐Ÿž Green river
6%
๐Ÿค ๐Ÿ”ซ I shot the sherrif
6%
๐Ÿฎ๐Ÿ’‚โ€โ™‚๏ธ Buffalo soldier
5%
๐Ÿ’”๐Ÿจ Heartbrake hotel
2%
๐Ÿ‘จ๐Ÿผโ€๐Ÿคโ€๐Ÿ‘จ๐Ÿผโš” Brothers in arms
1%
๐Ÿ€๐Ÿ‘จโ€๐Ÿ‘ฉโ€๐Ÿ‘ฆ Fortunate son
1%
No matching quizzes found
Score Distribution
Percent of People with Each Score
Percentile by Number Answered
Your Score History
You have not taken this quiz